00702nam a22001817a 4500003000500000038001800005082000800023100002800031245014500059264003400204300002500238650003900263700004700302856005700349942001300406999001900419952008200438NUST aNusrat Nadeem a200 a Ahmed Khurshid9123497 aExperimental and Numerical Studies of Blast, Fragmentation and Thermal Effects Mitigation of Energetic Materials Detonation/cKhurshid Ahmed aIslamabad;bSCME NUST;c2021. a135,p;bill;c30,cm. aPhD-Materials Engineering 9123162 aSupervisor: Dr. Abdul Qadeer Malik9123403 uhttp://10.250.8.41:8080/xmlui/handle/123456789/34035 2ddccTHE c609675d609675 00104070aCLbCLd2024-06-11l0o200pCLPT-512r2024-06-11w2024-06-11yTHE